000 00531nam a22001817a 4500
003 URS
005 20220114171611.0
008 170324b xxu||||| |||| 00| 0 eng d
020 _a0256164649
050 _aHF5548.4
_bL67.H978
100 _aHutchinson, Sarah E.
_4author
245 _aLotus 1-2-3 for Windows:
_bRelease 4
_cSarah E. Hutchinson, Starcey C. Sawyer
260 _aChicago:
_bIrwin,
_c1995
300 _aviii, 189 pages;
_c28 cm.
500 _aIncludes index.
700 _4author
_aSawyer, Stacey C.
942 _cFR
_2lcc
999 _c14258
_d14258